| 000 | 00773nam a2200217 a 4500 | ||
|---|---|---|---|
| 001 | 000024687 | ||
| 005 | 20200930023317.0 | ||
| 008 | 110131s2001 mx r 000 | spa d | ||
| 020 | _a9686384502 | ||
| 040 |
_aDO-SdBNP _bspa _cBNPHU |
||
| 082 |
_axxx _bH919M |
||
| 100 | 1 |
_aMinguet, Charles _923923 |
|
| 245 | 1 | 0 |
_aHumboldt : _bel otro descubrimiento / _cCharles Minguet ; prólogo Leopoldo Zea ; traducción Jorge Padín Videla ; edición Hernán Taboada. |
| 260 |
_aMéxico, D. F. : _bInstituto Panamericano de Geografía e Historia, _c2001. |
||
| 300 |
_av. ; _c22 cm. |
||
| 500 | _aLa biblioteca posee el volumen 2 | ||
| 700 | 1 |
_aZea, Leopoldo _epról. _923264 |
|
| 700 | 1 |
_aPadín Videla, Jorge _etr. _940595 |
|
| 700 | 1 |
_aTaboada, Hernán _eed. _93676 |
|
| 049 | _aBNGR | ||
| 999 |
_c24180 _d24180 |
||